| 000 | 00827cab a2200205 4500 | ||
|---|---|---|---|
| 001 | L136239 | ||
| 008 | 070119n2006 000 0 eng u | ||
| 035 | _a(Sirsi) u136239 | ||
| 041 | 0 | _aeng | |
| 100 | 1 | _aDurning, Bridget | |
| 245 | 0 | 0 |
_aDelivering the planning system in England _bSkills' capacity constraints |
| 260 | _c2006 | ||
| 490 |
_aTown Planning Review _v77 (4) 2006, 457-484(28) |
||
| 520 | _aConsiders whether there is the capacity in terms of skills within local planning authorities in England for them to deliver the outcomes required by changes in the planning system including new government initiatives, reviews and recently enacted EU legislation. Tables and graphs. | ||
| 590 | _aKA | ||
| 651 | 4 |
_aEngland _y886- |
|
| 690 |
_aPlanning and development _96259 |
||
| 700 | 1 | _aGlasson, John | |
| 942 | _n0 | ||
| 999 |
_c78204 _d78204 |
||